[Event "Kirov-ch"]
[Site "Kirov"]
[Date "2019.04.04"]
[Round "4"]
[White "Bessonov, Arsenij"]
[Black "Salakhutdinov, Danil"]
[Result "1-0"]
[WhiteElo "1636"]
[BlackElo "1752"]
[PlyCount "61"]
[EventDate "2019.04.01"]
[EventType "swiss"]
[EventRounds "9"]
[EventCountry "RUS"]
[SourceTitle "CBM 190 Extra"]
[Source "ChessBase"]
[SourceDate "2019.07.15"]
[SourceVersion "1"]
[SourceVersionDate "2019.07.15"]
[SourceQuality "1"]

1. c4 e5 2. Nc3 c5 3. Nf3 Nc6 4. e3 Be7 5. d4 exd4 6. exd4 cxd4 7. Nxd4 Nxd4 8. Qxd4 Nf6 9. Be2 0-0 10. 0-0 b6 11. Bf3 Rb8 12. Bf4 Bc5 13. Qd3 d6 14. a3 a5 15. Rab1 g6 16. b4 axb4 17. axb4 Bf5 18. Ne4 d5 19. cxd5 Nxd5 20. Bxb8 Nxb4 21. Qc3 Bxe4 22. Bxe4 Qe7 23. Bf4 g5 24. Bxg5 Qxg5 25. Rxb4 Bxb4 26. Qxb4 f5 27. Bd5+ Kg7 28. Qxb6 Rf6 29. Qc7+ Kh6 30. Qg3 Qd2 31. Qe3+ 1-0

[Event "Vyatka Cup 7th"]
[Site "Kirov"]
[Date "2018.08.25"]
[Round "11"]
[White "Lobov, Aleksandr Dm"]
[Black "Salakhutdinov, Danil"]
[Result "1/2-1/2"]
[WhiteElo "1702"]
[BlackElo "1697"]
[PlyCount "47"]
[EventDate "2018.08.15"]
[EventType "tourn"]
[EventRounds "11"]
[EventCountry "RUS"]
[SourceTitle "CBM 187 Extra"]
[Source "ChessBase"]
[SourceDate "2018.11.04"]
[SourceVersion "1"]
[SourceVersionDate "2018.11.04"]
[SourceQuality "1"]

1. d4 d5 2. c4 c6 3. Nf3 Nf6 4. Nc3 dxc4 5. e3 Bg4 6. Bxc4 e6 7. h3 Bh5 8. 0-0 Be7 9. a3 Nbd7 10. b4 a6 11. Bb2 0-0 12. Be2 Nd5 13. Qb3 Rc8 14. Rac1 f5 15. Na4 Rf6 16. Nc5 Nxc5 17. dxc5 Rg6 18. Rfe1 Bxf3 19. Bxf3 Bf6 20. Bxd5 exd5 21. Bxf6 Qxf6 22. g3 h5 23. Qc3 Qxc3 24. Rxc3 1/2-1/2